[Event "Andalucia-chT Honor Oriental"]
[Site "Andalucia"]
[Date "2018.11.18"]
[Round "7.31"]
[White "Scavo, Fernando"]
[Black "Martin Carmona, Gaston Manuel"]
[Result "1-0"]
[WhiteElo "2178"]
[BlackElo "2313"]
[PlyCount "147"]
[EventDate "2018.09.30"]
[EventType "team-tourn"]
[EventRounds "7"]
[EventCountry "ESP"]
[SourceTitle "EXT 2020"]
[Source "ChessBase"]
[SourceDate "2019.10.17"]
[SourceVersion "1"]
[SourceVersionDate "2019.10.17"]
[SourceQuality "1"]
[WhiteTeam "Cruz Roja Santa Juana"]
[BlackTeam "Miraflores Smartick"]
[WhiteTeamCountry "ESP"]
[BlackTeamCountry "ESP"]

1. d4 Nf6 2. Bf4 c5 3. e3 b6 4. Nf3 Bb7 5. c3 g6 6. Be2 Bg7 7. h3 0-0 8. 0-0 d6 9. Nbd2 Nbd7 10. a4 a6 11. Bh2 Ne4 12. Nxe4 Bxe4 13. Qb3 Qc8 14. Ng5 Bc6 15. d5 Bb7 16. c4 b5 17. cxb5 axb5 18. Bxb5 Nb6 19. e4 c4 20. Qc2 Qc5 21. Bf4 Qb4 22. Be3 Nxa4 23. Bxa4 Bxb2 24. Rab1 c3 25. Bc6 Bxc6 26. dxc6 Qa5 27. Rxb2 cxb2 28. Qxb2 Rfc8 29. Qb3 e6 30. Rc1 Rab8 31. Qd1 Qc7 32. Qd4 Qe7 33. e5 dxe5 34. Qxe5 f6 35. Qxe6+ Qxe6 36. Nxe6 Kf7 37. Nf4 Rb5 38. Ne2 Ke7 39. Nd4 Rd5 40. Rb1 h5 41. Rb7+ Kd6 42. Rf7 f5 43. Rf6+ Kc5 44. Nf3+ Kb5 45. Nd4+ Kc5 46. Nf3+ Kb5 47. h4 Rd1+ 48. Kh2 f4 49. Bxf4 Rxc6 50. Rxc6 Kxc6 51. Ne5+ Kd5 52. Nxg6 Ke4 53. Be3 Rd8 54. Nf4 Rh8 55. Ne6 Kf5 56. Ng5 Re8 57. Kg3 Re7 58. Nh3 Rg7+ 59. Bg5 Rh7 60. Nf4 Ke4 61. f3+ Kf5 62. Kf2 Ke5 63. Ke3 Rb7 64. Nxh5 Rb3+ 65. Kf2 Kf5 66. g4+ Kg6 67. Kg3 Rb4 68. Nf4+ Kh7 69. h5 Rb3 70. Bf6 Kg8 71. g5 Kh7 72. Ng6 Rb8 73. Ne5 Rg8 74. Ng4 1-0

[Event "ESP-chT2 Gr2"]
[Site "Granada"]
[Date "2010.08.07"]
[Round "5"]
[White "Scavo, Fernando"]
[Black "Valles Moreno, Ivan"]
[Result "0-1"]
[WhiteElo "2265"]
[BlackElo "2394"]
[PlyCount "74"]
[EventDate "2010.08.04"]
[EventType "team-tourn"]
[EventRounds "6"]
[EventCountry "ESP"]
[SourceTitle "CBM 137 Extra"]
[Source "ChessBase"]
[SourceDate "2010.09.01"]
[SourceVersion "1"]
[SourceVersionDate "2010.09.01"]
[SourceQuality "1"]

1. d4 f5 2. Bf4 Nf6 3. e3 g6 4. Nf3 Bg7 5. h3 0-0 6. Be2 d6 7. 0-0 Nc6 8. Bh2 Qe8 9. c4 h6 10. Nc3 g5 11. d5 Nd8 12. Nd4 c5 13. dxc6 Nxc6 14. Ncb5 Qd8 15. Nxc6 bxc6 16. Nd4 Bd7 17. Qc2 Ne8 18. Rac1 e5 19. Nb3 a5 20. Rfd1 Qe7 21. Qd2 a4 22. Na1 Be6 23. Nc2 Rd8 24. Qb4 c5 25. Qxa4 Nf6 26. b4 Ne4 27. Qb3 g4 28. Bd3 gxh3 29. Bxe4 fxe4 30. Ne1 hxg2 31. Rd2 cxb4 32. Qxb4 Rf5 33. Bg3 Rh5 34. c5 d5 35. a3 Qf7 36. Bh2 Qf5 37. Qb6 Rf8 0-1

[Event "ESP-chT2 Gr2"]
[Site "Granada"]
[Date "2010.08.05"]
[Round "3"]
[White "Cabrera Pino, Alexis"]
[Black "Scavo, Fernando"]
[Result "1-0"]
[WhiteElo "2533"]
[BlackElo "2265"]
[PlyCount "71"]
[EventDate "2010.08.04"]
[EventType "team-tourn"]
[EventRounds "6"]
[EventCountry "ESP"]
[SourceTitle "CBM 137 Extra"]
[Source "ChessBase"]
[SourceDate "2010.09.01"]
[SourceVersion "1"]
[SourceVersionDate "2010.09.01"]
[SourceQuality "1"]

1. d4 e6 2. c4 f5 3. Nf3 Nf6 4. g3 Be7 5. Bg2 0-0 6. 0-0 c6 7. Nbd2 d5 8. Ne5 Nbd7 9. Nd3 Ne4 10. Qc2 Nxd2 11. Bxd2 Nf6 12. a4 a5 13. b4 axb4 14. Rfb1 Ne4 15. Bxb4 Nd6 16. Ne5 Re8 17. e3 Bf6 18. Bf1 Nf7 19. Nd3 Ng5 20. Bg2 Ne4 21. Ra3 Nd6 22. Bxd6 Qxd6 23. c5 Qc7 24. f4 Re7 25. Rb6 g5 26. Qc3 h5 27. a5 h4 28. Nb4 hxg3 29. hxg3 gxf4 30. exf4 Rh7 31. a6 Qg7 32. Nc2 bxa6 33. Rxc6 Qg4 34. Qe1 Qg7 35. Rxc8+ Rxc8 36. Qxe6+ 1-0

[Event "ESP-chT2 Gr2"]
[Site "Granada"]
[Date "2010.08.05"]
[Round "2"]
[White "Scavo, Fernando"]
[Black "Espinosa Aranda, Angel"]
[Result "1/2-1/2"]
[WhiteElo "2265"]
[BlackElo "2397"]
[PlyCount "37"]
[EventDate "2010.08.04"]
[EventType "team-tourn"]
[EventRounds "6"]
[EventCountry "ESP"]
[SourceTitle "CBM 137 Extra"]
[Source "ChessBase"]
[SourceDate "2010.09.01"]
[SourceVersion "1"]
[SourceVersionDate "2010.09.01"]
[SourceQuality "1"]

1. d4 d5 2. Nf3 Nf6 3. Bf4 e6 4. e3 c5 5. c3 Nc6 6. Nbd2 Bd6 7. Bg3 0-0 8. Bd3 Qe7 9. Ne5 Nd7 10. Nxd7 Bxd7 11. Bxd6 Qxd6 12. dxc5 Qxc5 13. Bxh7+ Kxh7 14. Qh5+ Kg8 15. Ne4 Qb5 16. Ng5 Rfd8 17. Qxf7+ Kh8 18. Qh5+ Kg8 19. Qf7+ 1/2-1/2

[Event "Sitges op 28th"]
[Site "Sitges"]
[Date "2002.07.27"]
[Round "9"]
[White "Kuijf, Marinus"]
[Black "Scavo, Fernando"]
[Result "1/2-1/2"]
[WhiteElo "2441"]
[BlackElo "2285"]
[PlyCount "66"]
[EventDate "2002.??.??"]
[EventType "swiss"]
[EventRounds "9"]
[EventCountry "ESP"]
[SourceTitle "EXT 2003"]
[Source "ChessBase"]
[SourceDate "2002.11.25"]
[SourceVersion "1"]
[SourceVersionDate "2002.11.25"]
[SourceQuality "1"]

1. e4 e6 2. d4 d5 3. Nd2 Nf6 4. e5 Nfd7 5. c3 c5 6. Bd3 Nc6 7. Ngf3 f5 8. exf6 Nxf6 9. 0-0 cxd4 10. cxd4 Bd6 11. b3 0-0 12. Bb2 Qc7 13. Rc1 Ng4 14. h3 Nh2 15. Re1 Nxf3+ 16. Nxf3 Qe7 17. Ne5 Bxe5 18. dxe5 Qh4 19. Qd2 Bd7 20. Ba3 Rf7 21. Bd6 Kh8 22. Bb1 Rg8 23. Rc3 g5 24. Rg3 g4 25. Ree3 Rg5 26. hxg4 Rxg4 27. Ref3 Rxf3 28. Rxf3 Nd4 29. Rc3 Bb5 30. Rc8+ Kg7 31. Rc7+ Kh8 32. Rc8+ Kg7 33. Rc7+ Kh8 1/2-1/2

[Event "Sitges op 28th"]
[Site "Sitges"]
[Date "2002.??.??"]
[Round "4"]
[White "Scavo, Fernando"]
[Black "Munoz Pantoja, Miguel Angel"]
[Result "1-0"]
[WhiteElo "2283"]
[BlackElo "2377"]
[PlyCount "73"]
[EventDate "2002.??.??"]
[EventType "swiss"]
[EventRounds "9"]
[EventCountry "ESP"]
[SourceTitle "EXT 2003"]
[Source "ChessBase"]
[SourceDate "2002.11.25"]
[SourceVersion "1"]
[SourceVersionDate "2002.11.25"]
[SourceQuality "1"]

1. e4 c5 2. c3 d5 3. exd5 Qxd5 4. d4 Nc6 5. Nf3 Bg4 6. Be2 Nf6 7. h3 Bxf3 8. Bxf3 Qe6+ 9. Be3 Nd5 10. Qe2 cxd4 11. cxd4 Nxe3 12. fxe3 Qd7 13. 0-0 e6 14. Nc3 Bd6 15. Ne4 Be7 16. Rac1 0-0 17. Nc5 Bxc5 18. Rxc5 Ne7 19. Qb5 Qd6 20. Qxb7 Nf5 21. Qc7 Qxc7 22. Rxc7 Rab8 23. b3 Nxe3 24. Rfc1 Rbd8 25. Rxa7 Rxd4 26. Ra8 Rxa8 27. Bxa8 g5 28. a4 Rb4 29. Rc3 Nf5 30. a5 Rb5 31. a6 Ra5 32. Bb7 Nd4 33. Kh2 Ra3 34. Rc5 Nxb3 35. Rxg5+ Kf8 36. Rg3 f5 37. Rxb3 1-0

[Event "Vila de Poblenou op"]
[Site "Barcelona"]
[Date "2001.08.18"]
[Round "3.9"]
[White "Pellus Ruiz, Josep"]
[Black "Scavo, Fernando"]
[Result "1/2-1/2"]
[WhiteElo "2073"]
[BlackElo "2256"]
[PlyCount "87"]
[EventDate "2001.08.16"]
[EventType "swiss"]
[EventRounds "9"]
[EventCountry "ESP"]
[SourceTitle "EXT 2002"]
[Source "ChessBase"]
[SourceDate "2001.11.25"]
[SourceVersion "1"]
[SourceVersionDate "2001.11.25"]
[SourceQuality "1"]

1. d4 Nf6 2. Nf3 c5 3. c4 g6 4. Nc3 Bg7 5. e4 cxd4 6. Nxd4 0-0 7. Be3 b6 8. g3 Bb7 9. Bg2 Nc6 10. Nxc6 Bxc6 11. 0-0 Rc8 12. Rc1 Ne8 13. b3 Nd6 14. Bd4 Bh6 15. f4 f5 16. e5 Bxg2 17. Kxg2 Nb7 18. Qf3 Nc5 19. Bxc5 Rxc5 20. Rcd1 Qc8 21. Qd3 Rd8 22. Nd5 Kf7 23. Qe3 b5 24. cxb5 Qb7 25. Qf3 Qxb5 26. Ne3 Rc3 27. Qd5+ Qxd5+ 28. Nxd5 Rc2+ 29. Rf2 Rdc8 30. Ne3 Rxf2+ 31. Kxf2 Ke6 32. h4 d6 33. exd6 exd6 34. Nc4 Bf8 35. Ke2 d5 36. Ne3 Rd8 37. Kd3 Ba3 38. Nc2 Bc5 39. Nd4+ Bxd4 40. Kxd4 Kd6 41. Re1 Rb8 42. Kc3 Rc8+ 43. Kd3 Rb8 44. Kc3 1/2-1/2

[Event "Budapest WFG IM-B"]
[Site "Budapest"]
[Date "2000.07.26"]
[Round "8"]
[White "Ionescu, Mihai"]
[Black "Scavo, Fernando"]
[Result "1-0"]
[WhiteElo "2343"]
[BlackElo "2257"]
[PlyCount "55"]
[EventDate "2000.07.??"]
[EventType "tourn"]
[EventRounds "11"]
[EventCountry "HUN"]
[EventCategory "2"]
[SourceTitle "EXT 2002"]
[Source "ChessBase"]
[SourceDate "2001.11.25"]
[SourceVersion "1"]
[SourceVersionDate "2001.11.25"]
[SourceQuality "1"]

1. e4 e6 2. d3 d5 3. Nd2 Nf6 4. Ngf3 Nc6 5. Be2 e5 6. 0-0 Bc5 7. c3 a5 8. Qc2 0-0 9. b3 Qe7 10. exd5 Nxd5 11. Re1 f6 12. d4 Bb6 13. Nc4 Qf7 14. Ba3 Re8 15. dxe5 Nxe5 16. Ncxe5 fxe5 17. c4 Bf5 18. Qb2 Nf4 19. c5 Qg6 20. g3 Nxe2+ 21. Rxe2 Ba7 22. Rae1 e4 23. Nh4 Qh5 24. Qc3 Bg4 25. Rxe4 Rxe4 26. Rxe4 Re8 27. Qc4+ Kh8 28. Rxg4 1-0

[Event "Budapest WFG IM-B"]
[Site "Budapest"]
[Date "2000.07.23"]
[Round "5"]
[White "Scavo, Fernando"]
[Black "Dekic, Josip"]
[Result "1/2-1/2"]
[WhiteElo "2257"]
[BlackElo "2295"]
[PlyCount "51"]
[EventDate "2000.07.??"]
[EventType "tourn"]
[EventRounds "11"]
[EventCountry "HUN"]
[EventCategory "2"]
[SourceTitle "EXT 2002"]
[Source "ChessBase"]
[SourceDate "2001.11.25"]
[SourceVersion "1"]
[SourceVersionDate "2001.11.25"]
[SourceQuality "1"]

1. e4 d5 2. exd5 Nf6 3. c4 e6 4. Nc3 exd5 5. cxd5 Nxd5 6. Nf3 Be7 7. d4 0-0 8. Bd3 Nc6 9. h3 Be6 10. 0-0 h6 11. a3 Qd7 12. Bb5 Nxc3 13. bxc3 a6 14. Ne5 Qd6 15. Bxc6 bxc6 16. Bf4 Qd5 17. Bg3 c5 18. c4 Qxd4 19. Nc6 Qf6 20. Be5 Qh4 21. g3 Qxc4 22. Nxe7+ Kh7 23. Qc1 Qxc1 24. Rfxc1 Rfe8 25. Nc6 Bd5 26. Rxc5 1/2-1/2

[Event "Lugano op"]
[Site "Lugano"]
[Date "1999.03.13"]
[Round "4"]
[White "Rovatti, Paolo Guglielmo"]
[Black "Scavo, Fernando"]
[Result "0-1"]
[WhiteElo "2045"]
[BlackElo "2301"]
[PlyCount "104"]
[EventDate "1999.03.??"]
[EventType "swiss"]
[EventRounds "7"]
[EventCountry "SUI"]
[SourceTitle "EXT 2000"]
[Source "ChessBase"]
[SourceDate "1999.11.16"]
[SourceVersion "1"]
[SourceVersionDate "1999.11.16"]
[SourceQuality "1"]

1. d4 e6 2. e3 f5 3. Bd3 Nf6 4. Nd2 b6 5. Nh3 Bb7 6. 0-0 Be7 7. Qe2 0-0 8. f3 c5 9. c3 Nc6 10. dxc5 bxc5 11. e4 fxe4 12. Nxe4 Ne5 13. Nxf6+ Bxf6 14. Be4 Bxe4 15. Qxe4 d5 16. Qe3 Qb6 17. Nf2 Rab8 18. Rb1 Nc4 19. Qd3 Qc6 20. Ng4 Rb7 21. b3 Ne5 22. Nxf6+ gxf6 23. Qe3 c4 24. Ba3 Rfb8 25. Qh6 Ng6 26. h4 Qc7 27. h5 Qf4 28. Bc1 Qxh6 29. Bxh6 Ne7 30. b4 Nf5 31. Bd2 Ng3 32. Rfe1 e5 33. h6 Nf5 34. g4 Nd6 35. g5 Nf7 36. gxf6 Rb6 37. Kf2 Rxf6 38. Rg1+ Rg6 39. f4 Nd6 40. Kf3 Rf8 41. Rxg6+ hxg6 42. Kg4 Ne4 43. Be3 Nxc3 44. h7+ Kh8 45. Rh1 d4 46. Bc1 Ne2 47. fxe5 Nxc1 48. Rxc1 c3 49. Kg3 Kxh7 50. a4 Rf5 51. Re1 Kg7 52. b5 d3 0-1

[Event "ITA-ch sf"]
[Site "Saint Vincent"]
[Date "1999.??.??"]
[Round "1"]
[White "Ferri, Stefano"]
[Black "Scavo, Fernando"]
[Result "0-1"]
[WhiteElo "2091"]
[BlackElo "2301"]
[PlyCount "126"]
[EventDate "1999.??.??"]
[EventType "swiss"]
[EventRounds "9"]
[EventCountry "ITA"]
[SourceTitle "EXT 2000"]
[Source "ChessBase"]
[SourceDate "1999.11.16"]
[SourceVersion "1"]
[SourceVersionDate "1999.11.16"]
[SourceQuality "1"]

1. d4 c5 2. e4 cxd4 3. c3 Nf6 4. e5 Nd5 5. cxd4 Nc6 6. Nf3 g6 7. Bc4 Nb6 8. Bb3 Bg7 9. Nc3 0-0 10. Bf4 d6 11. h3 dxe5 12. dxe5 Be6 13. 0-0 Qc8 14. Qe2 Bxb3 15. axb3 Qf5 16. Qe4 Qxe4 17. Nxe4 Nd7 18. Rfe1 Ndxe5 19. Nxe5 Nxe5 20. Nc5 Nc6 21. Nxb7 Bxb2 22. Ra6 Rfc8 23. Re2 Bf6 24. Kh2 Nb4 25. Ra4 Nd5 26. Be5 Nc3 27. Bxc3 Rxc3 28. Rea2 Rxb3 29. Rxa7 Rxa7 30. Rxa7 Be5+ 31. g3 Bb8 32. Nc5 Bxa7 33. Nxb3 Bxf2 34. Kg2 Bb6 35. Kf3 Kg7 36. Nd2 f5 37. Nc4 Bc7 38. Ne3 e6 39. Nf1 Kf6 40. Ne3 Ke5 41. Nc2 Kd5 42. Nb4+ Kd6 43. Nc2 e5 44. g4 Bb6 45. Nb4 Bc5 46. Nc2 Kd5 47. Ne1 e4+ 48. Kf4 Bb4 49. Nc2 Bd2+ 50. Kg3 f4+ 51. Kf2 Ba5 52. h4 Kc4 53. Na3+ Kd3 54. h5 gxh5 55. gxh5 e3+ 56. Kf3 e2 57. Nc2 Kxc2 58. Kxe2 Bc7 59. Kf3 Kd3 60. Kf2 Ke4 61. Kg2 Ke3 62. Kf1 Ba5 63. h6 f3 0-1

[Event "Bratto op 19th"]
[Site "Bratto"]
[Date "1999.??.??"]
[Round "6"]
[White "Scavo, Fernando"]
[Black "Alberton, Roberto"]
[Result "1/2-1/2"]
[WhiteElo "2301"]
[BlackElo "2140"]
[PlyCount "121"]
[EventDate "1999.??.??"]
[EventType "swiss"]
[EventRounds "9"]
[EventCountry "ITA"]
[SourceTitle "EXT 2000"]
[Source "ChessBase"]
[SourceDate "1999.11.16"]
[SourceVersion "1"]
[SourceVersionDate "1999.11.16"]
[SourceQuality "1"]

1. d4 Nf6 2. Nf3 e6 3. e3 b6 4. Bd3 Bb7 5. 0-0 Be7 6. c4 0-0 7. Nc3 d5 8. b3 Nbd7 9. Bb2 c5 10. Qe2 Rc8 11. Rfd1 Qc7 12. Rac1 Qb8 13. Ne5 Rfd8 14. cxd5 Nxe5 15. dxe5 Nxd5 16. Ne4 Nb4 17. Nf6+ gxf6 18. exf6 Bf8 19. Bxh7+ Kxh7 20. Qh5+ Kg8 21. Rxd8 Rxd8 22. Rc4 Rd4 23. exd4 Ba6 24. Qg4+ Kh7 25. Rc3 Nd3 26. Qe4+ Kg8 27. Rxd3 Bxd3 28. Qxd3 Qf4 29. d5 Qd6 30. Qe4 Qxd5 31. Qg4+ Kh7 32. h3 Qd2 33. Qh5+ Kg8 34. Qg4+ Kh7 35. Qh5+ Kg8 36. Be5 Qe1+ 37. Kh2 Qxf2 38. Qg4+ Kh7 39. Qh5+ Kg8 40. Qg5+ Kh7 41. Qh5+ Kg8 42. Qg4+ Kh7 43. Qe4+ Qf5 44. Qxf5+ exf5 45. Kg3 Kg6 46. Kf3 Bh6 47. Bb8 a6 48. Ba7 b5 49. Bxc5 Kxf6 50. Be3 Bf8 51. Bd4+ Kg5 52. Be5 Bc5 53. Bc7 Bd4 54. Bd8+ f6 55. Bc7 Be5 56. Bb6 Kg6 57. Be3 Kf7 58. Bf4 Kg6 59. g3 Bd4 60. Be3 Be5 61. h4 1/2-1/2

[Event "ITA-ch sf"]
[Site "Saint Vincent"]
[Date "1999.??.??"]
[Round "9"]
[White "Scavo, Fernando"]
[Black "Tatai, Stefano"]
[Result "0-1"]
[WhiteElo "2301"]
[BlackElo "2359"]
[PlyCount "74"]
[EventDate "1999.??.??"]
[EventType "swiss"]
[EventRounds "9"]
[EventCountry "ITA"]
[SourceTitle "EXT 2000"]
[Source "ChessBase"]
[SourceDate "1999.11.16"]
[SourceVersion "1"]
[SourceVersionDate "1999.11.16"]
[SourceQuality "1"]

1. e4 c5 2. c3 d6 3. d4 Nf6 4. Bd3 Nc6 5. Nf3 e5 6. d5 Nb8 7. 0-0 g6 8. Nbd2 Bg7 9. b4 cxb4 10. cxb4 0-0 11. Rb1 Nbd7 12. Nc4 Nb6 13. Nfd2 Ne8 14. Nxb6 Qxb6 15. Nc4 Qd8 16. Be3 f5 17. f3 f4 18. Bf2 g5 19. Be2 Rf7 20. Qa4 Bd7 21. Qa5 b6 22. Qa3 Bf8 23. Qb3 h5 24. h3 Rg7 25. b5 g4 26. fxg4 hxg4 27. Bxg4 Bxg4 28. hxg4 Qg5 29. Qf3 Nf6 30. Rb3 Nxg4 31. Rc3 Rc8 32. Rfc1 Qh6 33. Nd2 Rxc3 34. Qxc3 Qh2+ 35. Kf1 Nxf2 36. Kxf2 Rxg2+ 37. Ke1 Qg1+ 0-1

[Event "Metz op 16th"]
[Site "Metz"]
[Date "1998.04.07"]
[Round "3"]
[White "Scavo, Fernando"]
[Black "Timoscenko, Gennadij A"]
[Result "0-1"]
[WhiteElo "2255"]
[BlackElo "2520"]
[PlyCount "82"]
[EventDate "1998.04.06"]
[EventType "swiss"]
[EventRounds "9"]
[EventCountry "FRA"]
[SourceTitle "EXT 1999"]
[Source "ChessBase"]
[SourceDate "1998.11.16"]
[SourceVersion "1"]
[SourceVersionDate "1998.11.16"]
[SourceQuality "1"]

1. e4 c5 2. c3 Nf6 3. e5 Nd5 4. d4 cxd4 5. Nf3 e6 6. cxd4 d6 7. a3 Bd7 8. Bd3 Bc6 9. 0-0 Nd7 10. Qe2 Be7 11. Nc3 Nxc3 12. bxc3 dxe5 13. Nxe5 Nxe5 14. Qxe5 0-0 15. Qh5 g6 16. Qg4 Qa5 17. Bb2 Rfd8 18. Rfe1 Bf6 19. Qf4 Bg7 20. Rad1 Rd7 21. Qg3 Rad8 22. f4 Ba4 23. Rc1 Bb5 24. Bb1 Bc4 25. Re5 Qb6 26. Qf2 Bxe5 27. fxe5 f6 28. exf6 Rf8 29. g4 Rxf6 30. Qxf6 Rf7 31. Qxf7+ Kxf7 32. Rc2 Ke8 33. Rf2 Kd7 34. Bc2 e5 35. Ba4+ Ke6 36. g5 Kd5 37. Be8 Ke4 38. dxe5 Qe6 39. Ba4 Qg4+ 40. Kh1 Be2 41. Bb3 Ke3 0-1

[Event "ITA-ch sf"]
[Site "Italy"]
[Date "1998.??.??"]
[Round "?"]
[White "Martorelli, Antonio"]
[Black "Scavo, Fernando"]
[Result "1-0"]
[WhiteElo "2405"]
[BlackElo "2255"]
[PlyCount "79"]
[EventDate "1998.??.??"]
[EventType "swiss"]
[EventRounds "9"]
[EventCountry "ITA"]
[SourceTitle "EXT 2000"]
[Source "ChessBase"]
[SourceDate "1999.11.16"]
[SourceVersion "1"]
[SourceVersionDate "1999.11.16"]
[SourceQuality "1"]

1. e4 e6 2. d4 d5 3. Nd2 c5 4. exd5 exd5 5. Ngf3 Nc6 6. Bb5 Bd6 7. 0-0 Nge7 8. dxc5 Bxc5 9. Nb3 Bb6 10. Nfd4 0-0 11. Bg5 Qd6 12. Re1 Ng6 13. Bf1 a6 14. c3 Bc7 15. g3 Nce5 16. Bg2 Nc4 17. Bc1 Bd7 18. Nc2 Bc6 19. Ne3 Rad8 20. Nd4 Nce5 21. h4 Ne7 22. Nec2 Bd7 23. Rxe5 Qxe5 24. Bf4 Qf6 25. Bxc7 Rc8 26. Bf4 h6 27. Nb4 Be6 28. h5 Rfd8 29. Qe2 Nf5 30. Nxf5 Qxf5 31. Nc2 Qf6 32. Nd4 Bf5 33. Be5 Qg5 34. Nxf5 Qxf5 35. Bd4 b5 36. Qf3 Qg5 37. Re1 Qd2 38. Re7 Qc1+ 39. Kh2 Qg5 40. Qxf7+ 1-0

[Event "Pardubice Czech op"]
[Site "Pardubice"]
[Date "1998.??.??"]
[Round "2"]
[White "Mrva, Martin"]
[Black "Scavo, Fernando"]
[Result "0-1"]
[WhiteElo "2415"]
[BlackElo "2255"]
[PlyCount "120"]
[EventDate "1998.07.??"]
[EventType "swiss"]
[EventRounds "9"]
[EventCountry "CZE"]
[SourceTitle "EXT 1999"]
[Source "ChessBase"]
[SourceDate "1998.11.16"]
[SourceVersion "1"]
[SourceVersionDate "1998.11.16"]
[SourceQuality "1"]

1. d4 e6 2. c4 Nf6 3. Nc3 Bb4 4. e3 b6 5. Nge2 Ne4 6. Qc2 Bb7 7. a3 Bxc3+ 8. Nxc3 Nxc3 9. Qxc3 0-0 10. b4 a5 11. b5 f5 12. c5 a4 13. Bb2 Rf7 14. Bc4 c6 15. bxc6 Bxc6 16. 0-0 Na6 17. Rac1 b5 18. d5 exd5 19. Ba2 Qe7 20. Rfd1 Nc7 21. Qe5 Qxe5 22. Bxe5 Rc8 23. f3 Re7 24. Bf4 Kf7 25. Kf2 Ree8 26. h3 Kf6 27. g4 g5 28. Bd6 fxg4 29. hxg4 Na6 30. Rh1 Kg7 31. Rh5 h6 32. f4 gxf4 33. exf4 b4 34. g5 hxg5 35. Rxg5+ Kf7 36. Rh1 Rh8 37. Rf5+ Kg6 38. Rg5+ Kf7 39. Rf5+ Kg6 40. Rg5+ Kf7 41. Re1 Rh2+ 42. Kg3 Rxa2 43. Re7+ Kf6 44. Rgg7 Rf8 45. Rh7 Rg8+ 46. Kh3 d4 47. Rh6+ Rg6 48. Rh8 Rg7 49. Rf8+ Kg6 50. f5+ Kh7 51. Be5 Rxa3+ 52. Kh4 Rag3 53. Bxg7 Rxg7 54. f6 Rxe7 55. fxe7 Nc7 56. Kg5 Kg7 57. Kf5 d3 58. Ke5 d2 59. Rf1 a3 60. Kd4 Bf3 0-1